Giáo án mầm non hoạt động tạo hình
Nội dung gồm phần 3: Hoạt động dành cho trẻ 3 - 4 tuổi; Hoạt động dành cho trẻ 4 - 5 tuổi; Hoạt động dành cho trẻ 5 - 6 tuổi
Đã lưu trong:
| Príomhúdar: | |
|---|---|
| Údair Eile: | |
| Formáid: | Leabhar |
| Teanga: | Undetermined |
| Foilsithe: |
H.
Nxb. Hà Nội
2010
|
| Ábhair: | |
| Rochtain Ar Líne: | http://lrc.tdmu.edu.vn/opac/search/detail.asp?aID=2&ID=14329 |
| Clibeanna: |
Cuir Clib Leis
Gan Chlibeanna, Bí ar an gcéad duine leis an taifead seo a chlibeáil!
|
| Thư viện lưu trữ: | Trung tâm Học liệu Trường Đại học Thủ Dầu Một |
|---|
| LEADER | 00852nam a2200217Ia 4500 | ||
|---|---|---|---|
| 001 | TDMU_14329 | ||
| 008 | 210410s9999 xx 000 0 und d | ||
| 082 | |a 372.215 | ||
| 090 | |b L250 | ||
| 100 | |a Lê, Minh Thanh | ||
| 245 | 0 | |a Giáo án mầm non hoạt động tạo hình | |
| 245 | 0 | |c Lê Minh Thanh, Tạ Thị Mỹ Đức | |
| 260 | |a H. | ||
| 260 | |b Nxb. Hà Nội | ||
| 260 | |c 2010 | ||
| 300 | |a 88tr | ||
| 520 | |a Nội dung gồm phần 3: Hoạt động dành cho trẻ 3 - 4 tuổi; Hoạt động dành cho trẻ 4 - 5 tuổi; Hoạt động dành cho trẻ 5 - 6 tuổi | ||
| 650 | |a Giáo dục mầm non | ||
| 700 | |a Tạ, Thị Mỹ Đức | ||
| 856 | |u http://lrc.tdmu.edu.vn/opac/search/detail.asp?aID=2&ID=14329 | ||
| 980 | |a Trung tâm Học liệu Trường Đại học Thủ Dầu Một | ||